Recent Geopolitics #2 - Statistics

General Stats
  • This quiz has been taken 78 times
  • The average score is 8 of 14
Answer Stats
Hint Answer % Correct
This country was in a civil war since 2011, ended with the capturing of Damascus. Syria
91%
This recently elected president started their term with many executive orders and tariffs. Donald Trump
86%
The Pahalgam terrorist attack, led to the conflict between India and what country? Pakistan
86%
Netanyahu claimed that this country was close to producing a nuclear weapon. Iran
85%
This leader flew from Moscow to Anchorage, Alaska, in a recent summit with Donald Trump Vladimir Putin
80%
Trumps met the emir of this country, and was given a $400 Million luxury jet Qatar
67%
This East African country faced intense fighting in its Tigray region after Nov 2020. Ethiopia
52%
After the rebels won, this man's 24 year regime ended with him fleeing to Moscow Bashar Al-Assad
50%
This chancellor won the 21st Bundestag and is the chairman of the CDU/CSU Friedrich Merz
47%
What object caused U.S.-China tensions in 2023 due to its suspected surveillance capabilities? Spy Balloon
39%
This Chinese AI company's release led to stock companies crashing in the US. DeepSeek
36%
This data company used AI for media surveillance and helped Ukraine in the war Palantir
20%
India launched this mission to bomb terrorist hubs in the country above after the attacks. Operation Sindoor
8%
The US launched this mission to bomb Iran's nuclear facilities using B2 bombers Operation Midnight Hammer
3%
No matching quizzes found
Score Distribution
Percent of People with Each Score
Percentile by Number Answered
Your Score History
You have not taken this quiz